000 00506nam a2200157Ia 4500
008 100204s9999 xx 000 0 und d
082 _b20107
100 _aशिवानी गौरा पंत
245 _aकृष्णकळी
260 _b"प्रतिमाा प्रकाशन , पुणे 30"
_c1997
300 _a240
630 _aकृष्णकळी
700 _aजोशी पद्माकर
730 _aकृष्णकळी
942 _cBOOK
999 _c464529
_d464526